000 00505nam a2200169Ia 4500
008 230917s9999||||xx |||||||||||||| ||und||
020 _cRS 1650.00
040 _e5008127
_aMAIN
041 _aEnglish
082 _a362.196700954 R162I
100 _aRanganathan, Sarala
245 0 _aIntroduction to multiple and locomotor disability
260 _aNew Delhi
_bKanishka Publishers, Distributors
_c2023
300 _aviii, 292 p.
500 _a5055 31/01/2023 KPD21/433 23/11/2021 Main Budget
942 _cBK
999 _c8792
_d8792